000 00446nam a2200181Ia 4500
001 21357
005 20260306172913.0
008 260306t2021||||xx |||||||||||||| ||spa||
041 _aESP
082 _a344.528
_bR78 T. 2
100 _aRojas Vargas, Fidel
_eAUT
245 0 _aDelitos contra la administración pública
260 _c2021
300 _a910 páginas :
_c25 cm.
650 _aGEN
654 _aCDE
942 _cLIB
_dJUS
_fJUS
_2ddc
_n
999 _c21357
_d21357